000 00422nam a2200169Ia 4500
008 221030s9999 xx 000 0 und d
020 _a8177224980
041 _aEnglish
082 _a105.23
100 _aD. Gallardo
245 0 _aEclipse in Action - a Guide For JAVA Developers
260 _bDreamtech Press
_aNew Delhi
_c2006
300 _a383
650 _aCSE Career Award
700 _aEd. Burnette
942 _cBK
999 _c6291
_d6291